ბათუმის შოთა რუსთაველის სახელმწიფო უნივერსიტეტის ბიბლიოთეკა

Агробиология: работы по вопросам генетики селекции и семеноводства (ბიბ.ჩანაწერი № 46412)

000 -LEADER
fixed length control field 00755nam a2200217Ia 4500
001 - CONTROL NUMBER
control field 13248
003 - CONTROL NUMBER IDENTIFIER
control field GE_BSU
008 - FIXED-LENGTH DATA ELEMENTS--GENERAL INFORMATION
fixed length control field 181216s||||||||xx |||||||||||||| ||und||
040 ## - CATALOGING SOURCE
Transcribing agency GE_BSU
080 ## - UNIVERSAL DECIMAL CLASSIFICATION NUMBER
Universal Decimal Classification number 631.519
100 ## - MAIN ENTRY--PERSONAL NAME
Personal name Лысенко,Т.Д.
245 ## - TITLE STATEMENT
Title Агробиология: работы по вопросам генетики селекции и семеноводства
260 ## - PUBLICATION, DISTRIBUTION, ETC.
Place of publication, distribution, etc. Москва
260 ## - PUBLICATION, DISTRIBUTION, ETC.
Name of publisher, distributor, etc. Сельхозгиз
260 ## - PUBLICATION, DISTRIBUTION, ETC.
Date of publication, distribution, etc. 1949
300 ## - PHYSICAL DESCRIPTION
Extent 683стр.фото.26см.
653 ## - INDEX TERM--UNCONTROLLED
Uncontrolled term Агробиология: работы по вопросам генетики селекции и семеноводства
653 ## - INDEX TERM--UNCONTROLLED
Uncontrolled term აგრობიოლოგია
653 ## - INDEX TERM--UNCONTROLLED
Uncontrolled term გენეტიკა
942 ## - ADDED ENTRY ELEMENTS (KOHA)
Koha item type წიგნი
ეგზემპლარები
Withdrawn status Lost status Damaged status Not for loan Date acquired Barcode Date last seen Price effective from Koha item type
        2018-12-17 20846 2018-12-17 2018-12-17 წიგნი